| 000 | 00760cab a2200229 4500 | ||
|---|---|---|---|
| 001 | WB3433-58 | ||
| 008 | 090401t1998 xxu||||| |||| 00| 0 eng d | ||
| 035 | _a(Sirsi) u88143 | ||
| 041 | _aeng | ||
| 245 | _aLeylandii faces axe | ||
| 260 | _c1998 | ||
| 350 | _a0 | ||
| 490 |
_aSunday Times _v23 August 1998, 1.5(1) |
||
| 520 | _aGovernment plans to impose height restrictions on species of plant that grow too fast and invade neighbouring gardens. It is proposed that gardeners will have to win planning permission before planting a hedge of listed fast-growing plants. | ||
| 650 | _aFAST GROWING PLANTS | ||
| 650 | _aHEDGES | ||
| 650 | _aLEYLANDII HEDGES | ||
| 650 | _aNUISANCE NEIGHBOURS | ||
| 690 | _aLAW | ||
| 942 | _n0 | ||
| 948 | _c26/08/1998 | ||
| 999 |
_c55682 _d55682 |
||